000
00318nam a2200121Ia 4500
008
241028s9999 xx 000 0 und d
041
_a
eng
082
_a
658.421 BAT
100
_a
Batra
245
_a
Entrepreneurship: New Venture Management
260
_b
Cengage Learning India
_a
Dehli
_c
2023
300
_a
160;. P. 24 cm
999
_c
42976
_d
42976